000 00898nam a2200301Ia 4500
001 Z_4516
003 CHAP
008 220113s2007 xx 000 0 und d
010 _a167591
020 _a0-85199-517-9
040 _cCHAP
082 _a636.40892 S9 2007
100 _aQueitsch, Jurgen
_993156
111 _aSymposium on digestive physiology in pigs (8 : Uppsala, Sweden : 2007)
_9141845
245 _aDigestive physiology of pigs : proceedings of the 8th symposium /
_ced. by J. E. Lindberg and B. Ogle
260 _aMéxico :
_bCABI,
_c2007
300 _a394 p.
503 _aej.1: 248068
650 _aGanado porcino
_xDigestión
_9141846
650 _aGanado porcino
_xFisiología
_xCongresos
_9141847
700 _a1. Lindberg, J. E. II. Ogle, B.
_9141848
901 _a636.40892 S9 2007
902 _aM
910 _a2007
942 _c1
942 _cc1
999 _c167591
_d167591